Fast Typing #6 Country Flags - Statistics

General Stats
  • This quiz has been taken 147 times
  • The average score is 11 of 15
Answer Stats
Picture Answer % Correct
Brazil
96%
Canada
96%
USA
96%
France
89%
Mexico
82%
Italy
81%
Argentina
80%
Russia
78%
Jamaica
68%
Pakistan
66%
Netherlands
62%
Finland
58%
Sweden
57%
Greece
53%
Belguim
49%
No matching quizzes found
Score Distribution
Percent of People with Each Score
Percentile by Number Answered
Your Score History
You have not taken this quiz